| 000 | 00589nam a2200145Ia 4500 | ||
|---|---|---|---|
| 008 | 150609s9999 xx 000 0 und d | ||
| 050 |
_aHF 5549.5.M63 _b.M378 2015 |
||
| 100 | _aMartinez, James Keno D. | ||
| 245 |
_aWork value and job engagement of the college faculty of southville international school and colleges / _cJames Keno D. Martinez. |
||
| 260 |
_aLas PiƱas, Philippines : _bSISC, _c2015. |
||
| 300 |
_a62 pages : _billustrations ; _c28 cm. |
||
| 500 | _aIncludes bibliographical references and appendices. | ||
| 650 | _aEmployee Management | ||
| 650 | _aPersonnel Management | ||
| 999 |
_c285020 _d285020 |
||